<?xml version="1.0" encoding="UTF-8"?>
<record
    xmlns:xsi="http://www.w3.org/2001/XMLSchema-instance"
    xsi:schemaLocation="http://www.loc.gov/MARC21/slim http://www.loc.gov/standards/marcxml/schema/MARC21slim.xsd"
    xmlns="http://www.loc.gov/MARC21/slim">

  <leader>01585nam a2200361   4500</leader>
  <controlfield tag="001">152</controlfield>
  <controlfield tag="003">OSt</controlfield>
  <controlfield tag="005">20250217153650.0</controlfield>
  <controlfield tag="008">250128b        |||||||g |||| 00| j eng d</controlfield>
  <datafield tag="020" ind1=" " ind2=" ">
    <subfield code="a">8511513574</subfield>
  </datafield>
  <datafield tag="040" ind1=" " ind2=" ">
    <subfield code="b">por</subfield>
  </datafield>
  <datafield tag="041" ind1=" " ind2=" ">
    <subfield code="h">eng</subfield>
    <subfield code="a">por</subfield>
  </datafield>
  <datafield tag="082" ind1=" " ind2=" ">
    <subfield code="a">823</subfield>
    <subfield code="b">C555tr</subfield>
  </datafield>
  <datafield tag="100" ind1="1" ind2=" ">
    <subfield code="a">Christie, Agatha,</subfield>
    <subfield code="d">1890-1976</subfield>
    <subfield code="9">268</subfield>
  </datafield>
  <datafield tag="240" ind1=" " ind2=" ">
    <subfield code="a">The labors of Hercules</subfield>
  </datafield>
  <datafield tag="245" ind1=" " ind2=" ">
    <subfield code="a">Os trabalhos de H&#xE9;rcules /</subfield>
    <subfield code="c">Christie, Agatha  ; Tradu&#xE7;&#xE3;o de Barbara Heliodora</subfield>
  </datafield>
  <datafield tag="260" ind1=" " ind2=" ">
    <subfield code="a">Rio de Janeiro</subfield>
    <subfield code="b">Record</subfield>
    <subfield code="c">1987</subfield>
  </datafield>
  <datafield tag="300" ind1=" " ind2=" ">
    <subfield code="a">235 p.</subfield>
  </datafield>
  <datafield tag="490" ind1="1" ind2=" ">
    <subfield code="a">Detetive Hercule Poirot</subfield>
  </datafield>
  <datafield tag="520" ind1=" " ind2=" ">
    <subfield code="a">Nesta colet&#xE2;nea de contos, um dos personagens mais recorrentes na obra de Agatha Christie, Hercule Poirot, defronta-se com casos de assassinato, chantagem e fraudes. O detetive se v&#xEA; diversas vezes diante de desafios in&#xE9;ditos em sua carreira. Mais do que nunca, sua imagina&#xE7;&#xE3;o e capacidade de dedu&#xE7;&#xE3;o s&#xE3;o postas em jogo.
O LE&#xC3;O DA N&#xC9;MEIA; A HIDRA DE LERNA; A COR&#xC7;A DE ARC&#xC1;DIA; O JAVALI DE ERIMANTO; AS CAVALARI&#xC7;AS DE &#xC1;UGIAS; AS AVES DO LAGO EST&#xCD;NFALE; O TOURO DE CRETA; OS CAVALOS DE HIP&#xD3;LITA; O REBANHO DE CERI&#xC3;O; AS MA&#xC7;&#xC3;S DAS HESP&#xC9;RIDES; AS PROFUNDEZAS DO INFERNO.</subfield>
  </datafield>
  <datafield tag="650" ind1=" " ind2="0">
    <subfield code="a">Literatura Inglesa</subfield>
    <subfield code="9">89</subfield>
  </datafield>
  <datafield tag="650" ind1=" " ind2="0">
    <subfield code="a">Historias curtas </subfield>
    <subfield code="9">67</subfield>
  </datafield>
  <datafield tag="650" ind1=" " ind2="0">
    <subfield code="a">Romance Policial </subfield>
    <subfield code="9">11</subfield>
  </datafield>
  <datafield tag="650" ind1=" " ind2="0">
    <subfield code="a">Suspense</subfield>
    <subfield code="9">10</subfield>
  </datafield>
  <datafield tag="650" ind1=" " ind2="0">
    <subfield code="a">Mist&#xE9;rio</subfield>
    <subfield code="9">42</subfield>
  </datafield>
  <datafield tag="650" ind1=" " ind2="0">
    <subfield code="a">Crime e Investiga&#xE7;&#xE3;o </subfield>
    <subfield code="9">13</subfield>
  </datafield>
  <datafield tag="650" ind1=" " ind2="0">
    <subfield code="a">Cl&#xE1;ssicos</subfield>
    <subfield code="9">77</subfield>
  </datafield>
  <datafield tag="650" ind1=" " ind2="0">
    <subfield code="a">Filme</subfield>
    <subfield code="9">26</subfield>
  </datafield>
  <datafield tag="655" ind1=" " ind2="0">
    <subfield code="a">Conto</subfield>
    <subfield code="9">68</subfield>
  </datafield>
  <datafield tag="700" ind1=" " ind2=" ">
    <subfield code="a">Barbara Heliodora</subfield>
    <subfield code="e">Tradutor</subfield>
    <subfield code="9">289</subfield>
  </datafield>
  <datafield tag="830" ind1=" " ind2=" ">
    <subfield code="a">Detetive Hercule Poirot</subfield>
    <subfield code="9">271</subfield>
  </datafield>
  <datafield tag="942" ind1=" " ind2=" ">
    <subfield code="2">ddc</subfield>
    <subfield code="n">0</subfield>
    <subfield code="c">BK</subfield>
  </datafield>
  <datafield tag="952" ind1=" " ind2=" ">
    <subfield code="0">0</subfield>
    <subfield code="1">0</subfield>
    <subfield code="2">ddc</subfield>
    <subfield code="4">0</subfield>
    <subfield code="7">0</subfield>
    <subfield code="8">FIC</subfield>
    <subfield code="a">BIBIB</subfield>
    <subfield code="b">BIBIB</subfield>
    <subfield code="c">LE</subfield>
    <subfield code="d">2013-09-05</subfield>
    <subfield code="e">doa&#xE7;&#xE3;o</subfield>
    <subfield code="l">0</subfield>
    <subfield code="o">823 / C555tr</subfield>
    <subfield code="p">2025-14740</subfield>
    <subfield code="r">2025-01-28 07:35:28</subfield>
    <subfield code="w">2025-01-28</subfield>
    <subfield code="y">BK</subfield>
  </datafield>
  <datafield tag="999" ind1=" " ind2=" ">
    <subfield code="c">152</subfield>
    <subfield code="d">152</subfield>
  </datafield>
</record>
